Nuclear cardiology : (Record no. 20109)
[ view plain ]
| 000 -LEADER | |
|---|---|
| fixed length control field | 00512nam a2200169 a 4500 |
| 005 - DATE AND TIME OF LATEST TRANSACTION | |
| control field | 20140310183210.0 |
| 008 - FIXED-LENGTH DATA ELEMENTS--GENERAL INFORMATION | |
| fixed length control field | 030224s19uu xx 00 eng d |
| 050 ## - LIBRARY OF CONGRESS CALL NUMBER | |
| Classification number | RC 683.5.R33 |
| Item number | .B67 1980 |
| 100 ## - MAIN ENTRY--PERSONAL NAME | |
| Personal name | Botvinick, Elias H. |
| 245 ## - TITLE STATEMENT | |
| Title | Nuclear cardiology : |
| Remainder of title | clinical applications / |
| Statement of responsibility, etc | Elias H. Botvinick. |
| 260 ## - PUBLICATION, DISTRIBUTION, ETC. (IMPRINT) | |
| Place of publication, distribution, etc | London : |
| Name of publisher, distributor, etc | Williams & Wilkins, |
| Date of publication, distribution, etc | 1980. |
| 300 ## - PHYSICAL DESCRIPTION | |
| Extent | 255 p. : |
| Other physical details | ill. ; |
| Dimensions | 27 cm. |
| 521 ## - TARGET AUDIENCE NOTE | |
| Target audience note | |
| 650 ## - SUBJECT ADDED ENTRY--TOPICAL TERM | |
| Topical term or geographic name as entry element | Heart |
| General subdivision | diseases |
| -- | diagnosis |
| -- | cases |
| 942 ## - ADDED ENTRY ELEMENTS (KOHA) | |
| Koha item type | Books |
| Source of classification or shelving scheme | Library of Congress Classification |
| Call number prefix | Foreign |
| Withdrawn status | Lost status | Source of classification or shelving scheme | Damaged status | Home library | Current library | Shelving location | Date acquired | Source of acquisition | Total Checkouts | Full call number | Barcode | Date last seen | Copy number | Price effective from | Koha item type |
|---|---|---|---|---|---|---|---|---|---|---|---|---|---|---|---|
| Library of Congress Classification | Archives | Archives | 02/24/2003 | Donation | RC 683.5.R33 .B67 1980 | C2227 | 05/15/2018 | 1 | 10/10/2013 | Books |